000 01257cam a2200181 4500500
005 20260329013459.0
041 _afre
042 _adc
100 1 0 _aFavrin, Serge
_eauthor
700 1 0 _aGodard, Alain
_eauthor
700 1 0 _aMarty, Jean
_eauthor
245 0 0 _aAnalyse simplifiée du rythme cardiaque fœtal (RCF) au sein d’un partogramme informatisé : aide à la communication et à la décision
260 _c2018.
500 _a60
520 _aDans un contexte où la profession est traversée par de profonds mouvements idéologiques, démographiques et institutionnels, cet article vient questionner la consistance épistémologique de la notion de « jeune psychologue ». Sous une plume réflexive et non sans ironie, l’auteur se penche sur la façon dont les récits récurrents et autres représentations construisent une réalité qui vient influencer tant les pratiques que l’identité professionnelle et les trajectoires des psychologues aujourd’hui.
786 0 _nJournal du Droit de la Santé et de l’Assurance - Maladie (JDSAM) | 19 | 2 | 2018-06-16 | p. 8-15 | 2269-9635
856 4 1 _uhttps://droit.cairn.info/revue-journal-du-droit-de-la-sante-et-de-l-assurance-maladie-2018-2-page-8?lang=fr&redirect-ssocas=7080
999 _c1880605
_d1880605